000 00701nam a2200289Ia 4500
005 20260324140849.0
008 008 260324s9999 xx 000 0 eng d
020 _a9780203003152
037 _aEBOOK
040 _aCRL
040 _beng
040 _cCRL
041 _2eng
041 _aeng
084 _qCRL
100 _aJonathan Culpeper; Mick Short; Peter Verdonk
_91206022
245 0 _aExploring the Language of Drama
245 0 _bFrom Text to Context
260 _bTaylor and Francis
260 _c1998
365 _a
365 _b230
856 _uhttp://www.taylorfrancis.com/books/9780203003152
942 _cEBOOK
999 _c1808523
_d1808523